| 000 | 00515nam a2200169Ia 4500 | ||
|---|---|---|---|
| 999 |
_c15626 _d15626 |
||
| 082 | _a338.95413 PRA-I | ||
| 100 | _aPradhan, Gopinat; | ||
| 245 | 0 | _aIndustrial estates and state development | |
| 260 |
_aNew Delhi _bCriterion Publications _c1985 |
||
| 300 | _a291p. | ||
| 504 | _aIncludes index, bibliography | ||
| 650 | _aIndustrial districts - Orissa | ||
| 650 | _aIndustrial estates | ||
| 650 | _aIndustrial productivity - Regional disparities - Orissa | ||
| 650 | _aIndustrial sites - Orissa | ||
| 942 | _cBK | ||